[Event "Bundesliga 2005-6"]
[Site "Katernberg GER"]
[Date "2005.12.11"]
[Round "6"]
[White "Kern,G"]
[Black "Doettling,F"]
[Result "1/2-1/2"]
[WhiteElo "2340"]
[BlackElo "2542"]

1.c4 c6 2.Nf3 d5 3.cxd5 cxd5 4.d4 Nc6 5.Nc3 Nf6 6.Bf4 a6 7.Rc1 Bf5 8.e3 Rc8
9.Be2 e6 10.O-O Bd6 11.Bxd6 Qxd6 12.Na4 O-O 13.Nc5 Rc7 14.h3 h6 15.Qb3 Rb8
16.Rfd1 Nd8 17.Rc3 Ne4 18.Nxe4 Bxe4 19.Rdc1 Bxf3 20.Bxf3 Rbc8 21.Rxc7 Rxc7
22.Rc3  1/2-1/2

[Event "Bundesliga 2005-6"]
[Site "Katernberg GER"]
[Date "2005.12.11"]
[Round "6"]
[White "Siebrecht,S"]
[Black "Biebinger,G"]
[Result "1-0"]
[WhiteElo "2485"]
[BlackElo "2309"]

1.c4 c6 2.e4 d5 3.exd5 cxd5 4.cxd5 Nf6 5.Nc3 Nxd5 6.Bc4 e6 7.Nf3 Be7 8.O-O O-O
9.d4 Nc6 10.Re1 a6 11.Bd3 Nf6 12.Bg5 Nb4 13.Bb1 Bd7 14.a3 Nbd5 15.Qd3 g6
16.Ne5 Bc6 17.Nxc6 bxc6 18.Na4 Qa5 19.Bc2 Rfb8 20.Qf3 Qd8 21.Rad1 Nd7 22.Bc1 a5
23.g3 Bg5 24.h4 Bxc1 25.Rxc1 Kg7 26.Be4 N7b6 27.Nc5 Qf6 28.Qd1 h5 29.Bf3 Qe7
30.Nd3 Rc8 31.Kg2 Qb7 32.Qd2 Nd7 33.Qg5 Rh8 34.Bxd5 cxd5 35.Qe7 Rhe8 36.Qd6 Rac8
37.Nf4 Rxc1 38.Rxc1 Rc8 39.Re1 Nf6 40.Nxe6+ fxe6 41.Rxe6 Ne4 42.Rxg6+  1-0

[Event "FSGMB December"]
[Site "Budapest HUN"]
[Date "2005.12.13"]
[Round "11"]
[White "Schroll,G"]
[Black "Kargin,A"]
[Result "1/2-1/2"]
[WhiteElo "2362"]
[BlackElo "2406"]

1.c4 c6 2.g3 d5 3.Bg2 Nf6 4.Nf3 dxc4 5.Qc2 b5 6.b3 cxb3 7.axb3 Bb7 8.Ba3 Nbd7
9.d4 Qb6 10.Nbd2 Rc8 11.Bc5 Nxc5 12.dxc5 Qc7 13.Rxa7 Qb8 14.Ra1 g6 15.O-O Bg7
16.e4 Rd8 17.b4 Bc8 18.Nb3 Ng4 19.Rad1 O-O 20.h3 Ne5 21.Nxe5 Qxe5 22.Na5 Qc7
23.e5 Bxe5 24.Nxc6 Rxd1 25.Rxd1 Bxh3 26.Nxe5 Bxg2 27.Nxg6 hxg6 28.Kxg2 Qc6+
29.Kg1 Ra8 30.Qc3 f6 31.Qe3 Kf7 32.Re1 Qd7 33.Qh6 Rg8 34.Qh7+ Rg7 35.Qh1 Qd3
36.Qb7 Kf8 37.Qc8+ Kf7 38.Qe6+ Kf8 39.Ra1 Rh7 40.Ra8+ Kg7 41.Qxe7+ Kh6 42.Qxf6 Qb1+
43.Kg2 Qxb4 44.Rg8 Qe4+ 45.f3 Qc2+ 46.Kh3 Qf5+ 47.Qxf5 gxf5 48.Rb8 Kg5+ 49.Kg2 Ra7
50.Rxb5 Ra2+ 51.Kh3 Rc2 52.f4+ Kh5 53.c6 Kg6 54.Rb6 Kh5 55.Ra6 Rc1 56.Kg2 Kg4
57.Kf2 Rc2+ 58.Ke3 Kxg3 59.Kd3 Rc1 60.Kd2 Rc4 61.Kd3 Rc1 62.Kd4 Kxf4 63.Kd5 Kg4
64.Ra4+ Kg3 65.Rc4 Rxc4 66.Kxc4 f4 67.c7 f3 68.c8=Q f2 69.Qf5 Kg2 70.Qe4+ Kg1
71.Qg4+ Kh1 72.Qf3+ Kg1 73.Qg3+ Kh1 74.Qxf2  1/2-1/2

[Event "5th Amplico AIG Life"]
[Site "Warsaw POL"]
[Date "2005.12.17"]
[Round "8"]
[White "Kempinski,R"]
[Black "Grabarczyk,M"]
[Result "0-1"]
[WhiteElo "2619"]
[BlackElo "2484"]

1.c4 c6 2.d4 d5 3.Nc3 Nf6 4.e3 a6 5.Qc2 e6 6.Nf3 c5 7.a3 Nc6 8.dxc5 Bxc5
9.b4 Ba7 10.Bb2 O-O 11.O-O-O Qe7 12.g4 dxc4 13.g5 Nd7 14.Ne4 e5 15.Rg1 Kh8
16.Bxc4 Nb6 17.Bd3 Bf5 18.Nc5 Bxd3 19.Qxd3 a5 20.Qe4 axb4 21.axb4 Rfc8 22.Kb1 Nxb4
23.Nxe5 Kg8 24.Ncd7 Nxd7 25.Rxd7 Qe6 26.Qxb4 Bd4 27.Ba3 Qf5+ 28.e4 Qxe4+
29.Ka2 Qc2+  0-1

[Event "5th Amplico AIG Life 3rd Place"]
[Site "Warsaw POL"]
[Date "2005.12.18"]
[Round "2"]
[White "Korchnoi,V"]
[Black "Zubov,A UKR"]
[Result "1/2-1/2"]
[WhiteElo "2620"]
[BlackElo "2493"]

1.c4 c6 2.Nc3 d5 3.d4 dxc4 4.e3 Be6 5.Nf3 Nf6 6.a4 Bd5 7.Nd2 g6 8.e4 Be6
9.Nxc4 Bg7 10.h3 O-O 11.Be3 Na6 12.Be2 Nc7 13.Na5 Bc8 14.O-O Ncd5 15.exd5 Qxa5
16.dxc6 bxc6 17.Bf3 Nd5 18.Qd2 Nxe3 19.fxe3 Bd7 20.Rad1 Rab8 21.Ne4 Qxd2
22.Rxd2 Rfd8 23.Nc5 Be8 24.Rfd1 e5 25.d5 cxd5 26.Bxd5 Bh6 27.Kf2 Rdc8 28.Ne4 Bxa4
29.Ra1 Bb3 30.Rxa7 Bxd5 31.Nf6+ Kg7 32.Nxd5 Rb3 33.Ra3 Rb5 34.b4 Rd8 35.Rad3 Kf8
36.Rd1 e4 37.R3d2 Bg7 38.g4 h6 39.Kg2 Be5 40.h4 Kg7 41.Kh3 Rbb8 42.h5 Rb7
43.hxg6 fxg6 44.Nf4 Rxd2 45.Rxd2 Rxb4  1/2-1/2

[Event "5th Amplico AIG Life"]
[Site "Warsaw POL"]
[Date "2005.12.18"]
[Round "11"]
[White "Stryjecki,M"]
[Black "Dziuba,M"]
[Result "1-0"]
[WhiteElo "2420"]
[BlackElo "2494"]

1.c4 c6 2.Nc3 d5 3.e3 Nf6 4.Nf3 e6 5.Qc2 Nbd7 6.d4 Bd6 7.Bd2 O-O 8.O-O-O Qe7
9.Kb1 dxc4 10.Bxc4 b5 11.Bd3 e5 12.Ng5 h6 13.Nge4 Bb7 14.Nxd6 Qxd6 15.Ne4 Qe7
16.Nxf6+ Nxf6 17.dxe5 Ng4 18.f4 Nf2 19.Bb4 Qxb4 20.Qxf2 c5 21.Qd2 Qa4 22.Bc2 Be4
23.Bxe4 Qxe4+ 24.Ka1 Rfd8 25.Qxd8+ Rxd8 26.Rxd8+ Kh7 27.Rhd1 Qxe3 28.g3 c4
29.R8d2 a5 30.Rc2 Qe4 31.Rcc1 a4 32.a3 Kg6 33.Rd6+ Kf5 34.Rd7 Kg6 35.Ka2 h5
36.Rc3 Qg2 37.h3 Qe4 38.Rd6+ Kf5 39.Rd8 h4 40.Rd7 Kg6 41.g4 Qxf4 42.Rd5 Qe4
43.Rxb5 Qd4 44.Ra5 Kh6 45.Ra6+ Kg5 46.e6 f6 47.Rxa4 Qe4 48.Ra5+ Kg6 49.Ra6 Kh6
50.Rb6 g6 51.a4 f5 52.gxf5 gxf5 53.e7+ Kg5 54.Rb7 f4 55.a5 Qc6 56.Rc7 Qb5
57.Rc5+ Qxc5 58.e8=Q Qxa5+ 59.Ra3 Qd5 60.Qe7+ Kf5 61.Qh7+ Kg5 62.Qg7+ Kf5
63.Qc3  1-0

[Event "IV Memorial Pereyra Puebla"]
[Site "Mendoza ARG"]
[Date "2005.12.21"]
[Round "8"]
[White "Contin,D"]
[Black "Herrera,Mart"]
[Result "0-1"]
[WhiteElo "2385"]
[BlackElo "2197"]

1.c4 c6 2.e4 d5 3.exd5 cxd5 4.d4 Nf6 5.Nc3 e6 6.Nf3 Nc6 7.a3 Be7 8.c5 O-O
9.Bd3 b6 10.b4 bxc5 11.bxc5 Re8 12.O-O Nd7 13.Qa4 Bb7 14.Rb1 Qc8 15.Re1 a6
16.h4 Ra7 17.Bg5 f6 18.Bd2 Nf8 19.Rb2 Qd7 20.Reb1 Kh8 21.Bf1 Qc7 22.g3 Rd8
23.Rb6 Nd7 24.Qb3 Ba8 25.Bh3 Nxd4 26.Nxd4 Bxc5 27.Nxe6 Qxg3+ 28.Bg2 Qxf2+
29.Kh2 Qxh4+ 30.Bh3 Qf2+ 31.Bg2 Nxb6 32.Nxc5 Nc4 33.Qb8 Rg8 34.Qxa7 Nxd2
35.Kh3 Nxb1 36.Nxb1 Qf5+ 37.Kh2 Qxb1 38.Ne6 Qa2 39.Nc7 Bc6 40.Qc5 Qc4 41.Qd6 Qh4+
42.Kg1 Qe1+ 43.Bf1 Bb5 44.Nxb5 axb5 45.Qxd5 Qg3+ 46.Kh1 Qxa3  0-1

[Event "14th Donau Open"]
[Site "Aschach AUT"]
[Date "2005.12.29"]
[Round "5"]
[White "Dovzik,J"]
[Black "Sandhoefner,F"]
[Result "1-0"]
[WhiteElo "2405"]
[BlackElo "2285"]

1.c4 c6 2.e4 d5 3.exd5 cxd5 4.d4 Nf6 5.Nc3 Nc6 6.Bg5 Qa5 7.Bxf6 exf6 8.cxd5 Bb4
9.Qd2 Bxc3 10.bxc3 Qxd5 11.Nf3 O-O 12.Be2 b6 13.O-O Bb7 14.c4 Qd6 15.Rab1 Rfd8
16.d5 Na5 17.Rfc1 Rac8 18.Nd4 Ba6 19.c5 Rxc5 20.Rxc5 Qxc5 21.Bxa6 Qxd5 22.Rd1 Nc4
23.Bxc4 Qxc4 24.Rc1 Qa4 25.Nf5 Rf8 26.h3 g6 27.Ne3 f5 28.Rc7 a6 29.Qd5 b5
30.Ra7 Qa5 31.g3 h5 32.h4 Qa4 33.Ng2 Qa5 34.Nf4 Qb6 35.Rd7  1-0

[Event "XXXV Rilton Cup"]
[Site "Stockholm SWE"]
[Date "2005.12.29"]
[Round "3"]
[White "Iordachescu,V"]
[Black "Jaracz,P"]
[Result "1-0"]
[WhiteElo "2583"]
[BlackElo "2492"]

1.c4 c6 2.d4 Nf6 3.Nc3 d5 4.Nf3 dxc4 5.a4 e6 6.e3 c5 7.Bxc4 cxd4 8.exd4 Be7
9.O-O Nc6 10.Qe2 O-O 11.Rd1 Nb4 12.Ne5 b6 13.Qf3 Rb8 14.Qg3 Bb7 15.Bh6 Ne8
16.Bb3 Rc8 17.Rac1 Kh8 18.Be3 Nf6 19.h4 Nh5 20.Qh3 Nf6 21.h5 Nbd5 22.h6 g6
23.Bg5 Nxc3 24.bxc3 Ne4 25.Bf4 Bg5 26.Qe3 Bxf4 27.Qxf4 Qe7 28.Qe3 Rc7 29.c4 Kg8
30.Bc2 Nd6 31.c5 Ne8 32.Bb3 Nf6 33.c6 Bc8 34.d5 Nxd5 35.Bxd5 exd5 36.Rxd5 f6
37.Nf3 Qf7 38.Rd6 Re7 39.Qd2 g5 40.Rd8 Ree8 41.c7 Qe7 42.Re1 Rxd8 43.Rxe7 Rxd2
44.Nxd2 Rf7 45.Re8+ Rf8 46.Rd8 a6 47.Ne4 b5 48.axb5 axb5 49.Nxf6+ Kf7 50.Nxh7  1-0

[Event "Masters"]
[Site "Hastings ENG"]
[Date "2005.12.31"]
[Round "4"]
[White "Thompson,I"]
[Black "Gilbert,Je"]
[Result "1/2-1/2"]
[WhiteElo "2295"]
[BlackElo "2148"]

1.c4 c6 2.Nf3 d5 3.d4 Bf5 4.Nc3 e6 5.Qb3 Qb6 6.Qxb6 axb6 7.Bf4 Na6 8.e3 Nb4
9.Kd2 Nf6 10.cxd5 Nfxd5 11.Nxd5 Nxd5 12.Bg3 Bb4+ 13.Kd1 b5 14.Ne5 Bd6 15.Nd3 Bxg3
16.hxg3 Ke7 17.Kd2 h6 18.f3 Bxd3 19.Bxd3 Nb4 20.a3 Nxd3 21.Kxd3 Rhd8 22.Kc3 Ra4
23.b3 Ra6 24.Rh5 b6  1/2-1/2

[Event "Czech Chess Christmas"]
[Site "Litomysl CZE"]
[Date "2005.12.31"]
[Round "8"]
[White "Biolek,R2"]
[Black "Sabol,M"]
[Result "1/2-1/2"]
[WhiteElo "2454"]
[BlackElo "2287"]

1.c4 c6 2.e4 d5 3.exd5 cxd5 4.d4 Nf6 5.Nc3 Nc6 6.Bg5 e6 7.Nf3 Be7 8.c5 O-O
9.Bb5 h6 10.Bh4 Ne4 11.Bxe7 Nxe7 12.Bd3 Nxc3 13.bxc3 b6 14.cxb6 axb6 15.Qe2 Qc7
16.O-O Ra3 17.Rfc1 Qa7 18.Qb2  1/2-1/2

[Event "Open"]
[Site "Bucharest ROM"]
[Date "2005.??.21"]
[Round "6"]
[White "Bogdan,D"]
[Black "Vajda,Al1"]
[Result "1/2-1/2"]
[WhiteElo "2455"]
[BlackElo "2439"]

1.c4 c6 2.b3 d5 3.Bb2 Bf5 4.Nf3 e6 5.d3 h6 6.Nbd2 Nf6 7.g3 Be7 8.Bg2 O-O
9.O-O Bh7 10.Qc2 Nbd7 11.Rae1 Re8 12.Ne5 Nxe5 13.Bxe5 Nd7 14.Bb2 a5 15.a3 Qb6
16.Qb1 d4 17.Qc2 e5 18.Rb1  1/2-1/2

[Event "Xstrata ch-AUS 2006"]
[Site "Brisbane AUS"]
[Date "2006.01.02"]
[Round "5"]
[White "Johansen,D"]
[Black "Goldenberg,I"]
[Result "1-0"]
[WhiteElo "2462"]
[BlackElo "2335"]

1.c4 c6 2.Nf3 Nf6 3.d4 d5 4.Nc3 e6 5.Bg5 h6 6.Bxf6 Qxf6 7.Qb3 Nd7 8.Rd1 Qd8
9.e3 Bd6 10.Be2 O-O 11.O-O Qe7 12.Nd2 b6 13.e4 dxc4 14.Nxc4 Bc7 15.f4 b5
16.Ne3 Bb6 17.Kh1 a6 18.Qc2 Bb7 19.Bf3 Rfd8 20.e5 Nf8 21.Ne2 Rac8 22.Be4 c5
23.d5 exd5 24.Nxd5 Bxd5 25.Bxd5 Ne6 26.Qe4 Rd7 27.f5 Ng5 28.f6 Qf8 29.Qf5 Rcd8
30.Nf4 Kh8 31.h4 g6 32.Qg4 Nh7 33.Bxf7 Qxf7 34.Nxg6+  1-0

[Event "Masters"]
[Site "Hastings ENG"]
[Date "2006.01.03"]
[Round "7"]
[White "Karapchanski,D"]
[Black "Calvert,D"]
[Result "1/2-1/2"]
[WhiteElo "2270"]
[BlackElo "2073"]

1.c4 c6 2.d4 d5 3.e3 Nf6 4.Nf3 g6 5.Nbd2 Bg7 6.Be2 Nbd7 7.O-O O-O 8.b3 a6
9.a4 Ne4 10.Nxe4 dxe4 11.Ng5 Nf6 12.f3 exf3 13.Bxf3 h6 14.Nh3 Bxh3 15.gxh3 e5
16.Bb2 exd4 17.exd4 Nh7 18.Rb1 Ng5 19.Bg2 f5 20.Qd3 Re8 21.Rfe1 Qd6 22.h4 Rxe1+
23.Rxe1 Ne6 24.d5 Nf4 25.Qd2 Bxb2 26.Qxb2 Nd3 27.Qe2 Nxe1 28.Qxe1 Kf7 29.Qe3 Re8
30.Qxh6 Qc5+ 31.Kf1 Qd4 32.Bf3 Qa1+ 33.Kf2 Qb2+ 34.Kg3 Qe5+ 35.Kg2 Qb2+ 36.Kg3  1/2-1/2

[Event "XXXV Rilton Cup"]
[Site "Stockholm SWE"]
[Date "2006.01.04"]
[Round "8"]
[White "Kolbus,D"]
[Black "Sisatto,O"]
[Result "1/2-1/2"]
[WhiteElo "2413"]
[BlackElo "2250"]

1.c4 c6 2.Nf3 d5 3.b3 Bg4 4.Bb2 Bxf3 5.gxf3 e6 6.e3 Nf6 7.Qc2 Nbd7 8.d4 Bd6
9.Nd2 e5 10.a3 Qe7 11.c5 Bc7 12.b4 exd4 13.Bxd4 Be5 14.Nb3 a5 15.Qc3 axb4
16.axb4 Rxa1+ 17.Qxa1 O-O 18.Be2 b6 19.Bxe5 Nxe5 20.O-O Nfd7 21.f4 Ng6 22.Nd4 bxc5
23.Nf5 Qf6 24.Qxf6 Nxf6 25.bxc5 Ne4 26.Ra1 Rc8 27.Ra5 Kf8 28.Bd3 Nd2 29.Nd6 Rc7
30.Bxg6 hxg6 31.Ra3 Nf3+ 32.Kg2 Nh4+ 33.Kf1 Nf5 34.Ra8+ Ke7 35.Nc8+ Ke6 36.Nb6 Ne7
37.Ke2 f6 38.Kf3 Nf5 39.Kg4 Nh6+ 40.Kf3 Nf5 41.Ke2 Ne7 42.f3 Nf5 43.Kd3 Nh4
44.Rh8 g5 45.fxg5 Nxf3 46.gxf6 Ne5+ 47.Kd4 Nf3+ 48.Kd3 Ne5+ 49.Kd4 Nf3+ 50.Kd3  1/2-1/2

[Event "10th Open"]
[Site "Bad Zwesten GER"]
[Date "2006.01.05"]
[Round "6"]
[White "Kern,G"]
[Black "Schuette,Mar"]
[Result "1-0"]
[WhiteElo "2340"]
[BlackElo "2170"]

1.c4 c6 2.g3 d5 3.Bg2 Nf6 4.Nf3 Bf5 5.cxd5 cxd5 6.Qb3 Qb6 7.Qxb6 axb6 8.Nc3 Bd7
9.d3 e6 10.Bf4 Bc6 11.O-O Bc5 12.a3 b5 13.b4 Bb6 14.a4 d4 15.Nxb5 Nd5 16.Nfxd4 Nxf4
17.gxf4 Bxg2 18.Kxg2 Kd7 19.Nf3 f6 20.Nd2 Nc6 21.Nc4 Bc7 22.Rfb1 g5 23.Nxc7 Kxc7
24.b5 Na5 25.Nxa5 Rxa5 26.fxg5 Rg8 27.Rb4 Rxg5+ 28.Kf3 Rc5 29.Rf4 f5 30.Rh4 Kb6
31.Rh6 Re5 32.d4 Re4 33.e3 Ra8 34.Rxh7 Re8 35.a5+ Kxb5 36.Rxb7+ Ka6 37.Rb6+ Ka7
38.Rc1 Re7 39.Rcc6 Ka8 40.Ra6+ Kb8 41.Rcb6+  1-0

[Event "10th Open"]
[Site "Bad Zwesten GER"]
[Date "2006.01.06"]
[Round "7"]
[White "Bischoff,K"]
[Black "Mainka,R"]
[Result "1/2-1/2"]
[WhiteElo "2555"]
[BlackElo "2457"]

1.c4 c6 2.d4 d5 3.e3 Nf6 4.Nc3 g6 5.Nf3 Bg7 6.Be2 O-O 7.O-O Bg4 8.cxd5 cxd5
9.Qb3 b6 10.h3 Be6 11.Ng5 Bc8 12.Bd2 Nc6 13.Rfd1 Na5 14.Qb4 Bb7 15.Be1 Ne8
16.Nf3 Nd6 17.b3 f6 18.Rac1 e6 19.Nb5 Ne8 20.Qa3 Nc6 21.Qb2  1/2-1/2

[Event "8th Hilton Schachfestival"]
[Site "Basel SUI"]
[Date "2006.01.07"]
[Round "7"]
[White "Deubelbeiss,R"]
[Black "Bjarnason,O"]
[Result "0-1"]
[WhiteElo "2117"]
[BlackElo "2255"]

1.c4 c6 2.g3 d5 3.Bg2 Nf6 4.Nf3 dxc4 5.a4 Be6 6.O-O Nbd7 7.Ng5 Bg4 8.h3 Bh5
9.g4 Bg6 10.f4 e6 11.Na3 Nc5 12.Nf3 Nb3 13.Ra2 Nd5 14.Ne5 Nb4 15.f5 exf5
16.Naxc4 Nxc1 17.Ra3 fxg4 18.Qxc1 gxh3 19.Rxh3 Bc5+ 20.Kh1 O-O 21.d3 Qe7
22.Qe1 Rae8 23.Qg3 b5 24.axb5 cxb5 25.Nxg6 fxg6 26.Rxf8+ Rxf8 27.Ne5 Bd6
28.d4 Bxe5 29.dxe5 a5 30.Be4 Re8 31.Qb3+ Qe6 32.Bxg6 Qxb3 33.Bxh7+ Kh8 34.Bd3+ Kg8
35.Bh7+ Kh8 36.Bd3+ Kg8 37.Bh7+ Kf7 38.Rxb3 Rxe5 39.e3 Rh5+ 40.Kg2 Rxh7 41.Kf3  0-1

[Event "TCh-AUT 2005-6"]
[Site "Austria AUT"]
[Date "2006.01.14"]
[Round "6"]
[White "Titz,Hei"]
[Black "Gaertner,G"]
[Result "1/2-1/2"]
[WhiteElo "2268"]
[BlackElo "2352"]

1.c4 c6 2.Nf3 d5 3.e3 Nf6 4.Nc3 a6 5.b3 Bg4 6.Bb2 e6 7.Be2 Nbd7 8.h3 Bh5
9.cxd5 cxd5 10.O-O Bd6 11.Nd4 Bxe2 12.Qxe2 O-O 13.f4 Bc5 14.Nf3 Rc8 15.Rfc1 d4
16.Na4 dxe3 17.dxe3 Ba7 18.Rxc8 Qxc8 19.Rc1 Qb8 20.Ne5 b5 21.Nc6 Qb7 22.Nxa7 bxa4
23.Bd4 axb3 24.axb3 Ra8 25.Nc6 Qxb3 26.Ne5 Qb7 27.Qc2 Nxe5 28.Bxe5 Nd5 29.Bd4 Ne7
30.Rb1 Qc6 31.Qb2 Nf5 32.Qb8+ Qc8 33.Qxc8+ Rxc8 34.Ba7 h5 35.g4 hxg4 36.hxg4 Nd6
37.Rb6 Nb5 38.Rb7 Ra8 39.Bc5 Nc3 40.Rb3 Ne4 41.Bd4 Nd2 42.Ra3 Nf3+ 43.Kf2 Nxd4
44.exd4 a5 45.Ke3 a4 46.Kd3 g5 47.f5 exf5 48.gxf5 Kg7 49.Ke4 Kf6 50.d5 Re8+
51.Kd4 Kxf5 52.Kc5 Rc8+ 53.Kd6 Ra8 54.Kc5 Ra5+ 55.Kc6 Ke5 56.Ra1 Ra6+ 57.Kc5 a3
58.Re1+ Kf4 59.d6 Ra8 60.d7 Rd8 61.Kc6 g4 62.Rf1+ Ke3 63.Rxf7 Ke2 64.Re7+ Kd2
65.Rh7 g3 66.Rh1 Ke2 67.Ra1 g2 68.Ra2+ Kf1 69.Rxa3 g1=R 70.Ra1+ Kf2 71.Rxg1 Kxg1
72.Kc7 Rxd7+  1/2-1/2

[Event "Open"]
[Site "Zagreb CRO"]
[Date "2006.01.14"]
[Round "1"]
[White "Runic,J"]
[Black "Zecevic,Dea"]
[Result "1-0"]
[WhiteElo "2071"]
[BlackElo "2433"]

1.c4 c6 2.d4 d5 3.e3 Nf6 4.Nc3 a6 5.Nf3 e6 6.Qc2 Nbd7 7.cxd5 exd5 8.Bd3 Bd6
9.h3 O-O 10.O-O Re8 11.Ng5 h6 12.Nf3 Qe7 13.b3 Ne4 14.Bxe4 dxe4 15.Nd2 f5
16.Bb2 Nf6 17.Ne2 Nd5 18.Nc4 Bc7 19.Ne5 Bxe5 20.dxe5 Nb4 21.Qc4+ Be6 22.Qc3 Nd3
23.Rad1 Rad8 24.Ba1 c5 25.Nf4 Nxf4 26.exf4 b6 27.Rd6 Rxd6 28.exd6 Qf7 29.Rd1 a5
30.Qg3 Rd8 31.Be5 a4 32.bxa4 Bxa2 33.Ra1 Be6 34.Rb1 Rb8 35.d7 Rd8 36.Rxb6 Rxd7
37.a5 Kh7 38.a6 Bc4 39.Qa3 e3 40.Qxe3 Ra7 41.Qa3 Qd5 42.Bb8 Re7 43.a7 Qd1+
44.Kh2 Bd5 45.a8=Q Bxa8 46.Qxa8 Re1 47.Be5 Rh1+ 48.Kg3 Qd3+  1-0

[Event "4th Parsvnath Open"]
[Site "New Delhi IND"]
[Date "2006.01.16"]
[Round "3"]
[White "Koshy,V"]
[Black "Sriram,J"]
[Result "1/2-1/2"]
[WhiteElo "2316"]
[BlackElo "2444"]

1.c4 c6 2.Nf3 d5 3.e3 Nf6 4.Nc3 e6 5.b3 Nbd7 6.Be2 Bd6 7.O-O O-O 8.Bb2 Qe7
9.d4 dxc4 10.bxc4 e5 11.Qc2 Re8 12.Rae1 Qd8 13.Bd3 h6 14.Ne4 Nxe4 15.Bxe4 Qa5
16.Bc3 Bb4 17.Bxb4 Qxb4 18.Bf5 exd4 19.exd4 Rxe1 20.Rxe1 Nf8 21.Be4 Be6 22.Qb3 Qxb3
23.axb3 Rd8 24.h3 f5 25.Bc2 g5 26.Re5 f4 27.Be4 Kg7 28.Ra5 a6 29.d5 cxd5
30.cxd5 Bf7 31.d6 b6 32.Rxa6 Rxd6 33.b4 Kf6 34.Ra7 Nd7 35.Rc7 Be6 36.Kf1 h5
37.Ke2 g4 38.hxg4 hxg4 39.Nd2 Rd4 40.Bc6 Ke7 41.b5 Kd6 42.Rb7 Nc5 43.Rg7 Na4
44.Ne4+ Ke5 45.Rg5+ Bf5 46.f3 g3 47.Ke1 Ke6 48.Rh5 Rb4 49.Ng5+ Kf6 50.Ne4+ Bxe4
51.fxe4 Nc5 52.e5+ Ke6 53.Ke2 Rb3 54.Bf3 Re3+ 55.Kd1 Rxe5 56.Rh6+ Kf5 57.Rh5+ Kf6
58.Rh6+ Kg5 59.Rxb6 Na4 60.Ra6 Nc3+ 61.Kd2 Nxb5 62.Ra5 Kf5 63.Be2 Nd6 64.Bd3+ Ne4+
65.Bxe4+ Kxe4 66.Ra8 Re6 67.Ke2 Rb6 68.Re8+ Kf5 69.Rf8+ Rf6 70.Ra8 Re6+ 71.Kf1 Re5
72.Rb8 Rd5 73.Ke2 Ra5 74.Rf8+ Ke4 75.Re8+ Re5 76.Rf8 Re7 77.Rf6 Ra7 78.Rf8 Ra2+
79.Kf1 Ra1+ 80.Ke2 Rg1 81.Re8+ Kf5 82.Rf8+ Kg5 83.Rg8+ Kh5 84.Rh8+ Kg6 85.Kf3 Rf1+
86.Kg4 Rf2 87.Rf8  1/2-1/2

[Event "Open A"]
[Site "Prague CZE"]
[Date "2006.01.16"]
[Round "4"]
[White "Vokac,M"]
[Black "Mazja,A"]
[Result "1-0"]
[WhiteElo "2445"]
[BlackElo "2328"]

1.c4 c6 2.Nf3 d5 3.b3 Bf5 4.Bb2 e6 5.g3 h6 6.Bg2 Nf6 7.O-O Bd6 8.Nc3 O-O
9.d3 Qe7 10.Re1 Ba3 11.Qc1 Bxb2 12.Qxb2 Na6 13.Rab1 Rfd8 14.cxd5 exd5 15.Nd4 Bg6
16.b4 Nc7 17.Rbc1 Qe5 18.Nf3 Qd6 19.d4 Ne4 20.Na4 f6 21.Nc5 Rab8 22.a4 b6
23.Nd3 Ne6 24.Qa2 N4g5 25.Nxg5 hxg5 26.Qb2 Rbc8 27.Red1 Bxd3 28.Rxd3 g6 29.e3 Kg7
30.Rdc3 Rc7 31.Qc2 Rdc8 32.Qb3 g4 33.h3 gxh3 34.Bxh3 f5 35.Bg2 Ng5 36.b5 Ne4
37.Bxe4 fxe4 38.Rxc6 Rxc6 39.Rxc6 Rxc6 40.bxc6 Qxc6 41.Qb5 Qc1+ 42.Kg2 Qc4
43.Qd7+ Kh6 44.Qxa7 Qb3 45.Qa8 Kg7 46.Qc6 Kh6 47.Qf6 Kh7 48.Qf7+ Kh6 49.Qg8 Kg5
50.Qf8 Kh5 51.Kh3 Qd1 52.Qh8+ Kg5 53.Qh4+ Kf5 54.Qf4+ Ke6 55.Qe5+ Kf7 56.Qxd5+ Kg7
57.Qxe4 Qf1+ 58.Qg2 Qd1 59.Qb7+ Kh6 60.Kg2 Qb3 61.a5  1-0

[Event "Open A"]
[Site "Prague CZE"]
[Date "2006.01.17"]
[Round "6"]
[White "Bonnet,P"]
[Black "Andreev,P"]
[Result "1/2-1/2"]
[WhiteElo "2102"]
[BlackElo "2007"]

1.c4 c6 2.e4 d5 3.exd5 cxd5 4.d4 Nf6 5.Nc3 e6 6.Bg5 Be7 7.Bxf6 Bxf6 8.cxd5 exd5
9.Nf3 O-O 10.Qb3 Nc6 11.Rd1 Bg4 12.Nxd5 Qa5+ 13.Rd2 Bxd4 14.Ne7+ Nxe7 15.Nxd4 Rac8
16.f3 Rc1+ 17.Ke2 Qe5+ 18.Qe3 Re1+ 19.Kxe1 Qxe3+ 20.Re2 Qxd4 21.Re4 Qxb2  1/2-1/2

[Event "Classic"]
[Site "Queenstown NZL"]
[Date "2006.01.17"]
[Round "3"]
[White "Drummond,M"]
[Black "Dive,RJ"]
[Result "1-0"]
[WhiteElo "2235"]
[BlackElo "2359"]

1.c4 c6 2.e4 d5 3.cxd5 cxd5 4.exd5 Qxd5 5.Nc3 Qa5 6.d4 Nf6 7.Bc4 e6 8.Nf3 a6
9.Bb3 Be7 10.O-O O-O 11.Re1 Nc6 12.Bg5 Rd8 13.d5 exd5 14.Bxf6 Bxf6 15.Nxd5 Bxb2
16.Qe2 Be6 17.Rad1 Ba3 18.Ng5 Bxd5 19.Qh5 Be4 20.Rxd8+ Rxd8 21.Rxe4 Qf5 22.Bxf7+ Kh8
23.g4  1-0

[Event "FINEC WGM"]
[Site "St Petersburg RUS"]
[Date "2006.01.19"]
[Round "3"]
[White "Rohonyan,K"]
[Black "Solovjova,V"]
[Result "1-0"]
[WhiteElo "2315"]
[BlackElo "2259"]

1.c4 c6 2.Nf3 d5 3.g3 Nf6 4.Bg2 e6 5.O-O Bd6 6.b3 O-O 7.Bb2 Nbd7 8.d3 Qe7
9.a3 a5 10.Nbd2 e5 11.Qc2 Re8 12.e4 d4 13.Bc1 Rb8 14.Nh4 g6 15.Ndf3 Nf8 16.Bd2 b6
17.Rab1 Nh5 18.b4 axb4 19.axb4 f6 20.Ne1 Bd7 21.Qd1 Ng7 22.f4 exf4 23.gxf4 f5
24.Nef3 fxe4 25.dxe4 Qd8 26.Qc2 Be7 27.Be1 Nh5 28.Qd2 Be6 29.Bg3 Nxg3 30.hxg3 Bxh4
31.gxh4 Bxc4 32.Rfc1 b5 33.Qxd4 Ne6 34.Qe5 Qd3 35.Re1 Rbd8 36.Rbd1 Qxd1 37.Rxd1 Rxd1+
38.Kh2 Ng7 39.Qc7 Nh5 40.Ne5 Rd2 41.Nxc4 bxc4 42.Qxc6 Red8 43.Qxc4+ Kg7 44.f5 Nf6
45.e5 Nd5 46.f6+ Kh6 47.Qg4 Nxf6 48.exf6  1-0

[Event "TCh-BEL 2005-6"]
[Site "Belgium BEL"]
[Date "2006.01.21"]
[Round "7"]
[White "Barbier,W"]
[Black "Minyeyevtsev,S"]
[Result "1/2-1/2"]
[WhiteElo "2218"]
[BlackElo "2159"]

1.c4 c6 2.g3 d5 3.Bg2 Nf6 4.Nf3 e6 5.b3 Nbd7 6.Bb2 Bd6 7.O-O O-O 8.d3 Re8
9.Nbd2 e5 10.e4 dxe4 11.Nxe4 Nxe4 12.dxe4 Qc7 13.Qc2 c5 14.Rad1 Nb8 15.Qd2 Bf8
16.Nh4 Nc6 17.h3 Be6 18.f4 Rad8 19.Qf2 f6 20.Nf5 Rxd1 21.Rxd1 Rd8  1/2-1/2

[Event "2nd Bundesliga West 2005-6"]
[Site "Austria AUT"]
[Date "2006.01.22"]
[Round "8"]
[White "Hackbarth,W"]
[Black "Gattenloehner,S"]
[Result "0-1"]
[WhiteElo "2135"]
[BlackElo "2227"]

1.c4 c6 2.d4 d5 3.Nf3 Nf6 4.g3 e6 5.Qc2 Be7 6.Bg2 O-O 7.O-O b6 8.b3 Bb7 9.Bb2 Nbd7
10.Nc3 Rc8 11.Ne5 Nxe5 12.dxe5 Ng4 13.Nd1 f6 14.exf6 Bxf6 15.h3 Nh6 16.Bxf6 Qxf6
17.Nb2 e5 18.c5 e4 19.Rae1 Nf5 20.e3 b5 21.b4 Nh6 22.Nd1 Nf7 23.Nc3 Ne5 24.Ne2 Qh6
25.Nd4 Rf6 26.Qe2 Rcf8 27.f4 exf3 28.Nxf3 Nxf3+ 29.Rxf3 Rxf3 30.Bxf3  0-1

[Event "Classic"]
[Site "Queenstown NZL"]
[Date "2006.01.22"]
[Round "8"]
[White "Dive,RJ"]
[Black "Hu,J"]
[Result "1-0"]
[WhiteElo "2359"]
[BlackElo "2081"]

1.c4 c6 2.e4 d5 3.exd5 cxd5 4.cxd5 Nf6 5.d4 Nxd5 6.Nf3 Nc6 7.Bc4 e6 8.O-O Be7
9.Nc3 O-O 10.Re1 Bf6 11.Bb3 a6 12.a3 Nxc3 13.bxc3 Qc7 14.Qd3 Rd8 15.Ng5 g6
16.Qf3 Bg7 17.Ne4 e5 18.d5 Na5 19.d6 Rxd6 20.Qxf7+ Qxf7 21.Bxf7+ Kxf7 22.Nxd6+ Ke6
23.Ne8 Kf7 24.Nxg7 Kxg7 25.Rxe5 Nc6 26.Rd5 Be6 27.Rd6 Re8 28.Be3 Na5 29.Rb1 Bf5
30.Rb4 Re7 31.g4 Be4 32.h4 Nc6 33.Rc4 Bc2 34.g5 Kg8 35.Rf4 Bf5 36.Kg2 Ne5
37.Kg3 Rc7 38.Rd5 Re7 39.Bc5 Re8 40.Rfd4 Nc6 41.Rd2 Re1 42.f3 Rh1 43.Rb2 Bc8
44.Re2 Kf7 45.Rd6 Bf5 46.Rf6+ Kg7 47.Bf8+  1-0

[Event "Winter Open"]
[Site "Belgrade SCG"]
[Date "2006.01.23"]
[Round "3"]
[White "Petrovic,Pe"]
[Black "Radivojevic,Milo"]
[Result "1-0"]
[WhiteElo "2117"]
[BlackElo "2243"]

1.c4 c6 2.e4 d5 3.cxd5 cxd5 4.exd5 Nf6 5.Nc3 Nxd5 6.d4 e6 7.Nf3 Nc6 8.Bd3 Be7
9.O-O O-O 10.Re1 Nf6 11.Bf4 b6 12.Qe2 Bb7 13.Rad1 Nb4 14.Bb1 Nbd5 15.Bd2 Rc8
16.Ne5 a6 17.Qd3 b5 18.Ng4 g6 19.Ne5 Qd6 20.Qh3 b4 21.Ne4 Nxe4 22.Bxe4 f5
23.Bd3 Bf6 24.Qf3 Rc7 25.Qe2 Bxe5 26.dxe5 Qb6 27.Kh1 a5 28.Bc4 Qc6 29.Bb5 Qb6
30.Bh6 Rfc8 31.Bd3 Rc5 32.h3 Qc6 33.f3 Ra8 34.Rc1 Rc8 35.Rxc5 Qxc5 36.Rc1 Qd4
37.Rxc8+ Bxc8 38.Ba6 Bd7 39.Bb5 Nb6 40.Bxd7 Nxd7 41.f4 Qb6 42.Qc4 Nc5 43.Bg5 Kf7
44.Qd4 Ke8 45.Bh4 Nd7 46.Qc4 g5 47.Bxg5 Nc5 48.Bh4 Ne4 49.Qc8+ Kf7 50.Qd7+ Kg6
51.Qe8+ Kh6 52.Kh2 Kg7 53.Qe7+ Kg6 54.Bf6  1-0

[Event "FINEC WGM"]
[Site "St Petersburg RUS"]
[Date "2006.01.24"]
[Round "8"]
[White "Eidelson,R"]
[Black "Solovjova,V"]
[Result "0-1"]
[WhiteElo "2211"]
[BlackElo "2259"]

1.c4 c6 2.Nf3 d5 3.g3 dxc4 4.Bg2 b5 5.a4 Bb7 6.b3 cxb3 7.Qxb3 a6 8.axb5 axb5
9.Rxa8 Bxa8 10.Qa2 Bb7 11.Qa7 Qc8 12.Ba3 Na6 13.O-O b4 14.Bb2 e6 15.Ne5 Bc5
16.Qxb7 Qxb7 17.Bxc6+ Qxc6 18.Nxc6 f6 19.d4 Bd6 20.Nd2 Kd7 21.Ra1 Nc7 22.Na5 Ne7
23.Nac4 Rb8 24.e4 Nc6 25.Nb3 Nb5 26.Nxd6 Kxd6 27.Ra6 Nc7 28.Ra1 Ra8 29.Rc1 Ra2
30.Rc2 Nb5 31.e5+ Ke7 32.Rxc6 Rxb2 33.Nc5 fxe5 34.Rxe6+ Kf7 35.dxe5 Rc2 36.Rc6 b3
37.e6+ Ke7  0-1

[Event "14th FAJR Open"]
[Site "Tehran IRI"]
[Date "2006.01.25"]
[Round "2"]
[White "Ghaem Maghami,E"]
[Black "Gadjiev,S"]
[Result "1/2-1/2"]
[WhiteElo "2564"]
[BlackElo "2151"]

1.c4 c6 2.e4 d5 3.exd5 cxd5 4.d4 Nf6 5.Nc3 e6 6.Nf3 Be7 7.cxd5 Nxd5 8.Bd3 Nc6
9.O-O O-O 10.Re1 Bf6 11.Be4 Nce7 12.Ne5 Bd7 13.Qd3 g6 14.Bh6 Re8 15.Qf3 Bc6
16.g4 Bxe5 17.dxe5 Nxc3 18.bxc3 Bxe4 19.Rxe4 Nc6 20.Rd1 Qe7 21.Rd7 Nxe5 22.Rxe5 Qxd7
23.Qf6 Qd1+ 24.Re1 Qxe1+ 25.Kg2 Qe4+ 26.Kg3 Qd3+ 27.Kg2 Qe4+ 28.Kh3 Qd3+
29.f3 Qf1+ 30.Kh4 Qf2+ 31.Kh3  1/2-1/2